[Event "Nordic-ch"]
[Site "Sarpsborg"]
[Date "2019.06.23"]
[Round "4"]
[White "Jashari, Driton"]
[Black "Vitenberg, Noam Aviv"]
[Result "0-1"]
[WhiteElo "1755"]
[BlackElo "2256"]
[PlyCount "76"]
[EventDate "2019.06.21"]
[EventType "swiss"]
[EventRounds "9"]
[EventCountry "NOR"]
[SourceTitle "CBM 191 Extra"]
[Source "ChessBase"]
[SourceDate "2019.09.30"]
[SourceVersion "1"]
[SourceVersionDate "2019.09.30"]
[SourceQuality "1"]

1. e4 c6 2. d4 d5 3. exd5 cxd5 4. c3 Bf5 5. Bd3 Bxd3 6. Qxd3 e6 7. Nf3 Bd6 8. Nbd2 Ne7 9. Nb3 Qc7 10. g3 Nbc6 11. Nh4 0-0 12. f4 f6 13. 0-0 e5 14. Nf5 e4 15. Nxe7+ Nxe7 16. Qe2 f5 17. Be3 Rac8 18. Nd2 b5 19. Rfc1 g5 20. Rf1 gxf4 21. Bxf4 Bxf4 22. Rxf4 Ng6 23. Rff1 Qd6 24. a3 f4 25. Qg4 f3 26. Nxf3 exf3 27. Rxf3 Rxf3 28. Qxc8+ Rf8 29. Qg4 Qf6 30. Qe2 Kh8 31. Re1 Kg7 32. h4 h5 33. Kg2 Qf5 34. b3 Kh7 35. c4 Nxh4+ 36. gxh4 Rg8+ 37. Kh1 Qh3+ 38. Qh2 Qf3+ 0-1

[Event "Nordic-ch"]
[Site "Sarpsborg"]
[Date "2019.06.22"]
[Round "3"]
[White "Jashari, Driton"]
[Black "Neretljak, Nedzad"]
[Result "1-0"]
[WhiteElo "1755"]
[BlackElo "2114"]
[PlyCount "105"]
[EventDate "2019.06.21"]
[EventType "swiss"]
[EventRounds "9"]
[EventCountry "NOR"]
[SourceTitle "CBM 191 Extra"]
[Source "ChessBase"]
[SourceDate "2019.09.30"]
[SourceVersion "1"]
[SourceVersionDate "2019.09.30"]
[SourceQuality "1"]

1. e4 e6 2. d4 d5 3. exd5 exd5 4. Nf3 Bd6 5. Bd3 Ne7 6. c4 c6 7. Bg5 Be6 8. c5 Bc7 9. 0-0 b6 10. Qc2 bxc5 11. dxc5 h6 12. Bh4 0-0 13. Re1 Qd7 14. Nd4 Re8 15. Nd2 a5 16. N2f3 Na6 17. a3 Bf4 18. Bg3 Bxg3 19. hxg3 Qc8 20. Rac1 Ra7 21. Nxe6 fxe6 22. Qe2 Nc7 23. g4 Kh8 24. Bc2 Rf8 25. Ne5 Ne8 26. f3 Nf6 27. Qd3 Qe8 28. f4 Ne4 29. Rxe4 dxe4 30. Qxe4 g6 31. Rd1 Kg8 32. Rd6 Nd5 33. Nxg6 Rf6 34. f5 Rg7 35. Ba4 Rgxg6 36. Bxc6 Qf8 37. Bxd5 Rg7 38. Bxe6+ Kh7 39. b4 axb4 40. axb4 Ra7 41. Qd4 Qg7 42. c6 Re7 43. b5 Qg5 44. Rd7 Rff7 45. Bxf7 Re1+ 46. Kf2 Qh4+ 47. g3 Qh2+ 48. Kxe1 Qxg3+ 49. Kd2 Qg2+ 50. Kc3 Qg3+ 51. Kc4 h5 52. Bxh5+ Kh6 53. Qg7# 1-0